[Event "HSG Open 2018"]
[Site "Hilversum"]
[Date "2018.06.23"]
[Round "4.4"]
[White "De Boer, Eelke"]
[Black "Nijboer, Friso"]
[Result "0-1"]
[BlackElo "2492"]
[WhiteElo "2325"]
[LiveChessVersion "1.4.8"]

1. e4 {[%clk 1:50:16]} c5 {[%clk 1:47:44]} 2. Nf3 {[%clk 1:50:19]} d6
{[%clk 1:47:41]} 3. d4 {[%clk 1:50:23]} cxd4 {[%clk 1:47:48]} 4. Nxd4
{[%clk 1:50:26]} Nf6 {[%clk 1:47:51]} 5. Nc3 {[%clk 1:50:28]} a6 {[%clk 1:47:55]}
6. Bg5 {[%clk 1:50:26]} Nbd7 {[%clk 1:47:31]} 7. Qe2 {[%clk 1:50:23]} b5
{[%clk 1:42:21]} 8. O-O-O {[%clk 1:44:18]} Qc7 {[%clk 1:07:48]} 9. f4
{[%clk 1:41:36]} e5 {[%clk 1:07:44]} 10. Nf5 {[%clk 1:40:10]} h6 {[%clk 1:06:33]}
11. Bxf6 {[%clk 1:39:11]} Nxf6 {[%clk 1:06:26]} 12. Ne3 {[%clk 1:39:06]} Bb7
{[%clk 1:00:31]} 13. g3 {[%clk 1:34:04]} Be7 {[%clk 0:58:12]} 14. Ned5
{[%clk 1:30:07]} Nxd5 {[%clk 0:53:33]} 15. Nxd5 {[%clk 1:29:24]} Bxd5
{[%clk 0:53:39]} 16. Rxd5 {[%clk 1:29:25]} O-O {[%clk 0:53:02]} 17. f5
{[%clk 1:21:40]} Qb6 {[%clk 0:51:49]} 18. h4 {[%clk 1:19:29]} Rfc8
{[%clk 0:50:47]} 19. Bg2 {[%clk 1:10:16]} Rc7 {[%clk 0:49:07]} 20. Kb1
{[%clk 1:09:42]} Rac8 {[%clk 0:48:31]} 21. Rc1 {[%clk 1:09:24]} Rc5
{[%clk 0:47:14]} 22. Rd3 {[%clk 1:09:11]} b4 {[%clk 0:45:51]} 23. Qd2
{[%clk 0:51:05]} a5 {[%clk 0:42:40]} 24. Bh3 {[%clk 0:39:11]} R8c7
{[%clk 0:36:29]} 25. f6 {[%clk 0:32:59]} Bxf6 {[%clk 0:35:54]} 26. Rxd6
{[%clk 0:33:03]} R5c6 {[%clk 0:35:56]} 27. Rd1 {[%clk 0:31:28]} h5
{[%clk 0:31:05]} 28. Rxc6 {[%clk 0:26:45]} Qxc6 {[%clk 0:30:45]} 29. Qd3
{[%clk 0:25:45]} Be7 {[%clk 0:21:57]} 30. Bd7 {[%clk 0:16:40]} Qc4
{[%clk 0:21:46]} 31. Bb5 {[%clk 0:16:01]} Qxd3 {[%clk 0:21:43]} 32. Rxd3
{[%clk 0:16:09]} Bc5 {[%clk 0:21:25]} 33. Rd8+ {[%clk 0:14:32]} Kh7
{[%clk 0:21:22]} 34. Be2 {[%clk 0:14:07]} Bf2 {[%clk 0:16:31]} 35. Bxh5
{[%clk 0:11:56]} Bxg3 {[%clk 0:16:16]} 36. Rd5 {[%clk 0:10:54]} f6
{[%clk 0:12:31]} 37. Rxa5 {[%clk 0:09:22]} Bxh4 {[%clk 0:12:36]} 38. a3
{[%clk 0:06:29]} Kh6 {[%clk 0:10:48]} 39. Be2 {[%clk 0:06:37]} bxa3
{[%clk 0:04:38]} 40. Rxa3 {[%clk 0:06:45]} Kg5 {[%clk 0:04:39]} 41. Rf3
{[%clk 0:05:16]} g6 {[%clk 0:04:36]} 42. Bd3 {[%clk 0:02:41]} Kg4
{[%clk 0:04:03]} 43. Be2 {[%clk 0:02:50]} Kg5 {[%clk 0:04:09]} 44. Bd3
{[%clk 0:02:59]} Rd7 {[%clk 0:04:01]} 45. Kc1 {[%clk 0:02:50]} Kg4
{[%clk 0:03:35]} 46. Be2 {[%clk 0:02:53]} Bg5+ {[%clk 0:03:28]} 47. Kb1
{[%clk 0:03:02]} Rd2 {[%clk 0:02:54]} 0-1

[Event "HSG Open 2018"]
[Site "Hilversum"]
[Date "2018.06.23"]
[Round "4.5"]
[White "Arnaudov, G. Petar"]
[Black "Van Dael, Siem"]
[Result "1-0"]
[BlackElo "2213"]
[WhiteElo "2445"]
[LiveChessVersion "1.4.8"]

1. c4 {[%clk 1:50:06]} Nf6 {[%clk 1:48:32]} 2. Nc3 {[%clk 1:50:06]} g6
{[%clk 1:48:29]} 3. e4 {[%clk 1:50:09]} d6 {[%clk 1:48:36]} 4. d4
{[%clk 1:50:15]} Bg7 {[%clk 1:48:42]} 5. h3 {[%clk 1:50:21]} O-O {[%clk 1:47:31]}
6. Be3 {[%clk 1:50:27]} e5 {[%clk 1:46:13]} 7. d5 {[%clk 1:50:32]} a5
{[%clk 1:44:42]} 8. g4 {[%clk 1:50:35]} Na6 {[%clk 1:42:36]} 9. Nge2
{[%clk 1:48:14]} h5 {[%clk 1:41:13]} 10. f3 {[%clk 1:48:02]} Nh7 {[%clk 1:40:54]}
11. Qd2 {[%clk 1:42:36]} f5 {[%clk 1:39:27]} 12. gxf5 {[%clk 1:40:54]} gxf5
{[%clk 1:39:33]} 13. O-O-O {[%clk 1:37:07]} f4 {[%clk 1:30:06]} 14. Bf2
{[%clk 1:37:12]} Bd7 {[%clk 1:29:48]} 15. h4 {[%clk 1:37:10]} Bf6
{[%clk 1:26:02]} 16. Ng1 {[%clk 1:29:22]} Kf7 {[%clk 1:15:06]} 17. Kb1
{[%clk 1:25:45]} b6 {[%clk 1:14:21]} 18. Be1 {[%clk 1:19:51]} Nc5
{[%clk 1:13:23]} 19. Qh2 {[%clk 1:19:31]} Rg8 {[%clk 1:12:33]} 20. Nh3
{[%clk 1:18:48]} Qe7 {[%clk 1:09:28]} 21. Nb5 {[%clk 1:17:59]} Na6
{[%clk 1:08:22]} 22. Ng5+ {[%clk 1:16:04]} Nxg5 {[%clk 1:06:50]} 23. hxg5
{[%clk 1:16:05]} Rxg5 {[%clk 1:06:58]} 24. Bh4 {[%clk 1:15:00]} Rg6
{[%clk 1:06:36]} 25. Bxf6 {[%clk 1:14:29]} Qxf6 {[%clk 1:06:42]} 26. Qxh5
{[%clk 1:12:41]} Rag8 {[%clk 1:05:36]} 27. Bh3 {[%clk 1:12:17]} Bxh3
{[%clk 1:05:06]} 28. Qxh3 {[%clk 1:12:11]} Ke7 {[%clk 1:05:03]} 29. Na7
{[%clk 1:09:47]} Nb8 {[%clk 1:04:53]} 30. c5 {[%clk 1:05:41]} bxc5
{[%clk 1:00:28]} 31. Qf1 {[%clk 1:05:35]} Rh6 {[%clk 0:58:23]} 32. Qb5
{[%clk 1:04:23]} Rxh1 {[%clk 0:56:34]} 33. Rxh1 {[%clk 1:04:26]} Rh8
{[%clk 0:56:42]} 34. Rg1 {[%clk 1:02:36]} 1-0

[Event "HSG Open 2018"]
[Site "Hilversum"]
[Date "2018.06.23"]
[Round "4.7"]
[White "Elgersma, Simon"]
[Black "Zwirs, Nico"]
[Result "0-1"]
[BlackElo "2377"]
[WhiteElo "2260"]
[LiveChessVersion "1.4.8"]

1. e4 {[%clk 1:50:15]} c5 {[%clk 1:47:35]} 2. Nf3 {[%clk 1:50:15]} e6
{[%clk 1:47:38]} 3. d4 {[%clk 1:50:20]} cxd4 {[%clk 1:47:22]} 4. Nxd4
{[%clk 1:50:27]} a6 {[%clk 1:46:37]} 5. Bd3 {[%clk 1:50:30]} d6 {[%clk 1:44:14]}
6. O-O {[%clk 1:46:19]} Nf6 {[%clk 1:44:06]} 7. Qe2 {[%clk 1:46:09]} Qc7
{[%clk 1:43:20]} 8. c4 {[%clk 1:46:10]} Nbd7 {[%clk 1:43:17]} 9. Nc3
{[%clk 1:42:54]} Ne5 {[%clk 1:41:35]} 10. Kh1 {[%clk 1:23:04]} Bd7
{[%clk 1:33:02]} 11. Bd2 {[%clk 1:21:21]} Be7 {[%clk 1:30:44]} 12. f4
{[%clk 1:16:59]} Nxd3 {[%clk 1:30:49]} 13. Qxd3 {[%clk 1:17:01]} O-O
{[%clk 1:30:21]} 14. Rac1 {[%clk 1:14:08]} Rfc8 {[%clk 1:22:57]} 15. b3
{[%clk 1:13:17]} Be8 {[%clk 1:20:17]} 16. Qg3 {[%clk 1:09:23]} Qc5
{[%clk 1:09:47]} 17. Be3 {[%clk 0:54:18]} Qh5 {[%clk 1:03:00]} 18. h3
{[%clk 0:50:06]} b5 {[%clk 0:59:20]} 19. e5 {[%clk 0:39:32]} dxe5
{[%clk 0:54:17]} 20. fxe5 {[%clk 0:39:32]} Nd7 {[%clk 0:54:19]} 21. cxb5
{[%clk 0:37:44]} axb5 {[%clk 0:50:07]} 22. Ncxb5 {[%clk 0:36:34]} Nxe5
{[%clk 0:49:03]} 23. Rxc8 {[%clk 0:31:40]} Rxc8 {[%clk 0:49:03]} 24. Nf5
{[%clk 0:30:30]} exf5 {[%clk 0:43:39]} 25. Qxe5 {[%clk 0:30:23]} Qe2
{[%clk 0:29:33]} 26. Rf2 {[%clk 0:29:29]} Qe1+ {[%clk 0:28:55]} 27. Kh2
{[%clk 0:29:29]} Bf6 {[%clk 0:23:09]} 28. Qxf5 {[%clk 0:25:11]} Qxe3
{[%clk 0:22:00]} 29. Qxc8 {[%clk 0:24:40]} Be5+ {[%clk 0:21:41]} 30. Kg1
{[%clk 0:22:10]} Bg3 {[%clk 0:21:36]} 31. Qf5 {[%clk 0:22:04]} g6
{[%clk 0:18:01]} 32. Qf6 {[%clk 0:21:35]} Bxf2+ {[%clk 0:17:17]} 33. Qxf2
{[%clk 0:21:37]} Qxf2+ {[%clk 0:13:47]} 34. Kxf2 {[%clk 0:21:44]} Bxb5
{[%clk 0:13:50]} 35. Ke3 {[%clk 0:21:22]} Bc6 {[%clk 0:13:32]} 36. g3
{[%clk 0:21:23]} Kf8 {[%clk 0:13:35]} 37. Kd4 {[%clk 0:21:28]} Ke7
{[%clk 0:13:25]} 38. Kc5 {[%clk 0:20:49]} Kd7 {[%clk 0:12:43]} 39. Kb6
{[%clk 0:18:43]} g5 {[%clk 0:12:17]} 40. a4 {[%clk 0:17:51]} Kd6 {[%clk 0:10:25]}
41. g4 {[%clk 0:17:14]} Bg2 {[%clk 0:10:16]} 42. a5 {[%clk 0:17:10]} Bxh3
{[%clk 0:09:52]} 43. a6 {[%clk 0:17:14]} Bxg4 {[%clk 0:09:59]} 44. a7
{[%clk 0:17:11]} Bf3 {[%clk 0:10:07]} 0-1

[Event "HSG Open 2018"]
[Site "Hilversum"]
[Date "2018.06.23"]
[Round "4.8"]
[White "Visser, Henk-Jan"]
[Black "Warmerdam, Max"]
[Result "0-1"]
[BlackElo "2370"]
[WhiteElo "2255"]
[LiveChessVersion "1.4.8"]

1. e4 {[%clk 1:49:49]} c5 {[%clk 1:50:16]} 2. Nf3 {[%clk 1:49:08]} e6
{[%clk 1:50:20]} 3. b3 {[%clk 1:46:23]} b6 {[%clk 1:50:19]} 4. Bd3
{[%clk 1:46:00]} Bb7 {[%clk 1:48:11]} 5. O-O {[%clk 1:45:48]} Nf6
{[%clk 1:42:48]} 6. e5 {[%clk 1:45:09]} Nh5 {[%clk 1:42:42]} 7. Re1
{[%clk 1:41:06]} g6 {[%clk 1:41:20]} 8. Bf1 {[%clk 1:36:28]} Bg7 {[%clk 1:39:46]}
9. d4 {[%clk 1:24:23]} f5 {[%clk 1:01:54]} 10. Na3 {[%clk 1:12:28]} Bxf3
{[%clk 0:53:45]} 11. Qxf3 {[%clk 1:12:09]} Nc6 {[%clk 0:53:50]} 12. Nc4
{[%clk 0:54:15]} O-O {[%clk 0:50:17]} 13. dxc5 {[%clk 0:18:46]} b5
{[%clk 0:49:34]} 14. Nb2 {[%clk 0:14:55]} Nxe5 {[%clk 0:46:46]} 15. Qd1
{[%clk 0:15:01]} Qc7 {[%clk 0:42:48]} 16. b4 {[%clk 0:10:32]} a5 {[%clk 0:42:22]}
17. c3 {[%clk 0:10:30]} Ng4 {[%clk 0:40:48]} 18. g3 {[%clk 0:07:48]} Bxc3
{[%clk 0:40:50]} 19. Re2 {[%clk 0:07:09]} axb4 {[%clk 0:40:36]} 20. Rc2
{[%clk 0:06:34]} Rf7 {[%clk 0:39:32]} 21. a3 {[%clk 0:04:02]} Bg7
{[%clk 0:21:18]} 22. Bxb5 {[%clk 0:02:35]} bxa3 {[%clk 0:21:13]} 23. c6
{[%clk 0:01:09]} dxc6 {[%clk 0:20:10]} 24. Bxc6 {[%clk 0:00:50]} Rd8
{[%clk 0:20:13]} 0-1

[Event "HSG Open 2018"]
[Site "Hilversum"]
[Date "2018.06.23"]
[Round "4.9"]
[White "Vlaming, Jos"]
[Black "Ten Hertog, Hugo"]
[Result "0-1"]
[BlackElo "2453"]
[WhiteElo "2147"]
[LiveChessVersion "1.4.8"]

1. c4 {[%clk 1:50:10]} g6 {[%clk 1:49:52]} 2. g3 {[%clk 1:50:04]} Bg7
{[%clk 1:49:58]} 3. Bg2 {[%clk 1:50:09]} d6 {[%clk 1:50:00]} 4. Nc3
{[%clk 1:50:08]} c6 {[%clk 1:49:56]} 5. d3 {[%clk 1:49:23]} a6 {[%clk 1:50:00]}
6. Qc2 {[%clk 1:42:34]} Nf6 {[%clk 1:48:52]} 7. b4 {[%clk 1:36:42]} d5
{[%clk 1:44:59]} 8. Bb2 {[%clk 1:32:04]} dxc4 {[%clk 1:42:52]} 9. dxc4
{[%clk 1:31:39]} Be6 {[%clk 1:42:27]} 10. Ne4 {[%clk 1:22:20]} Qb6
{[%clk 1:36:11]} 11. a3 {[%clk 1:18:33]} a5 {[%clk 1:35:38]} 12. Nxf6+
{[%clk 1:16:51]} Bxf6 {[%clk 1:35:27]} 13. Bxf6 {[%clk 1:16:07]} exf6
{[%clk 1:35:33]} 14. Rb1 {[%clk 1:09:37]} axb4 {[%clk 1:30:22]} 15. axb4
{[%clk 1:09:17]} Qd4 {[%clk 1:21:33]} 16. Nf3 {[%clk 0:53:43]} Qxc4
{[%clk 1:21:36]} 17. Qxc4 {[%clk 0:53:34]} Bxc4 {[%clk 1:21:41]} 18. Nd2
{[%clk 0:53:33]} Bb5 {[%clk 1:16:55]} 19. Ne4 {[%clk 0:53:28]} Ke7
{[%clk 1:15:18]} 20. Nc3 {[%clk 0:50:13]} Bc4 {[%clk 1:09:51]} 21. b5
{[%clk 0:48:16]} Ra3 {[%clk 1:08:16]} 22. Kd2 {[%clk 0:47:42]} Rd8+
{[%clk 1:07:11]} 23. Kc2 {[%clk 0:46:28]} cxb5 {[%clk 0:55:35]} 24. Bxb7
{[%clk 0:37:20]} Nd7 {[%clk 0:53:05]} 25. Rhd1 {[%clk 0:33:25]} Rb8
{[%clk 0:50:22]} 26. Bc6 {[%clk 0:28:35]} Ne5 {[%clk 0:49:23]} 27. Be4
{[%clk 0:21:24]} Rc8 {[%clk 0:46:19]} 28. Kd2 {[%clk 0:19:51]} f5
{[%clk 0:44:14]} 29. Bh1 {[%clk 0:15:22]} Rd8+ {[%clk 0:42:36]} 30. Kc2
{[%clk 0:14:51]} Rxd1 {[%clk 0:42:39]} 31. Rxd1 {[%clk 0:14:50]} Bb3+
{[%clk 0:42:45]} 0-1

[Event "HSG Open 2018"]
[Site "Hilversum"]
[Date "2018.06.23"]
[Round "4.10"]
[White "De Roode, Peter"]
[Black "De Rover, Yong Hoon"]
[Result "0-1"]
[BlackElo "2415"]
[WhiteElo "2144"]
[LiveChessVersion "1.4.8"]

1. d4 {[%clk 1:50:19]} d5 {[%clk 1:49:46]} 2. c4 {[%clk 1:50:23]} c6
{[%clk 1:49:47]} 3. Nf3 {[%clk 1:50:28]} Nf6 {[%clk 1:49:49]} 4. e3
{[%clk 1:50:34]} e6 {[%clk 1:49:42]} 5. b3 {[%clk 1:50:39]} Nbd7 {[%clk 1:48:11]}
6. Bd3 {[%clk 1:50:29]} Ne4 {[%clk 1:46:49]} 7. O-O {[%clk 1:49:33]} f5
{[%clk 1:46:39]} 8. Bb2 {[%clk 1:48:22]} Bd6 {[%clk 1:46:24]} 9. Nc3
{[%clk 1:44:49]} O-O {[%clk 1:46:01]} 10. Ne2 {[%clk 1:44:01]} Qf6
{[%clk 1:42:57]} 11. a4 {[%clk 1:33:32]} a5 {[%clk 1:36:29]} 12. Qc2
{[%clk 1:29:45]} g5 {[%clk 1:32:27]} 13. g3 {[%clk 1:22:02]} g4 {[%clk 1:26:16]}
14. Nh4 {[%clk 1:20:53]} Ng5 {[%clk 1:18:43]} 15. Nf4 {[%clk 1:15:34]} Bxf4
{[%clk 1:05:09]} 16. exf4 {[%clk 1:15:39]} Nh3+ {[%clk 1:05:03]} 17. Kh1
{[%clk 1:15:36]} Nxf4 {[%clk 1:05:03]} 18. gxf4 {[%clk 1:03:50]} Qxh4
{[%clk 1:05:05]} 19. Ba3 {[%clk 0:58:21]} Re8 {[%clk 1:03:58]} 20. cxd5
{[%clk 0:57:28]} exd5 {[%clk 1:03:24]} 21. Bxf5 {[%clk 0:49:10]} Nf6
{[%clk 1:03:03]} 22. Rae1 {[%clk 0:48:41]} Qh5 {[%clk 0:58:20]} 23. Bxc8
{[%clk 0:35:43]} Raxc8 {[%clk 0:58:07]} 24. Bd6 {[%clk 0:31:33]} Ne4
{[%clk 0:50:03]} 25. Be5 {[%clk 0:31:38]} Qf5 {[%clk 0:48:47]} 26. Qe2
{[%clk 0:29:49]} Kf7 {[%clk 0:48:13]} 27. Rg1 {[%clk 0:24:37]} Rg8
{[%clk 0:47:17]} 28. Rg2 {[%clk 0:24:15]} Rg6 {[%clk 0:46:48]} 29. Reg1
{[%clk 0:24:14]} Rcg8 {[%clk 0:46:23]} 30. Qe1 {[%clk 0:24:01]} b6
{[%clk 0:36:20]} 31. b4 {[%clk 0:23:41]} h5 {[%clk 0:36:09]} 32. bxa5
{[%clk 0:23:18]} h4 {[%clk 0:36:07]} 33. axb6 {[%clk 0:22:25]} g3
{[%clk 0:35:34]} 34. fxg3 {[%clk 0:11:47]} hxg3 {[%clk 0:35:18]} 0-1

[Event "HSG Open 2018"]
[Site "Hilversum"]
[Date "2018.06.23"]
[Round "4.11"]
[White "Wiersma, Eelke"]
[Black "De Boer, Bas"]
[Result "1-0"]
[BlackElo "2137"]
[WhiteElo "2344"]
[LiveChessVersion "1.4.8"]

1. e4 {[%clk 1:50:09]} c5 {[%clk 1:50:17]} 2. Nf3 {[%clk 1:50:01]} e6
{[%clk 1:50:20]} 3. g3 {[%clk 1:50:00]} Nc6 {[%clk 1:50:18]} 4. Bg2
{[%clk 1:49:56]} Nf6 {[%clk 1:47:52]} 5. Qe2 {[%clk 1:49:52]} d6 {[%clk 1:47:03]}
6. O-O {[%clk 1:49:48]} Be7 {[%clk 1:47:05]} 7. Rd1 {[%clk 1:49:20]} d5
{[%clk 1:44:04]} 8. e5 {[%clk 1:42:47]} Nd7 {[%clk 1:44:04]} 9. c3
{[%clk 1:42:51]} d4 {[%clk 1:42:03]} 10. d3 {[%clk 1:40:33]} O-O {[%clk 1:40:45]}
11. Na3 {[%clk 1:39:40]} Rb8 {[%clk 1:38:29]} 12. Nc2 {[%clk 1:30:59]} dxc3
{[%clk 1:33:47]} 13. bxc3 {[%clk 1:29:28]} b6 {[%clk 1:33:34]} 14. d4
{[%clk 1:27:41]} cxd4 {[%clk 1:32:39]} 15. Nfxd4 {[%clk 1:24:37]} Na5
{[%clk 1:26:02]} 16. Nb4 {[%clk 1:23:33]} Qc7 {[%clk 1:17:07]} 17. Nbc6
{[%clk 1:21:57]} Nxc6 {[%clk 1:17:06]} 18. Nxc6 {[%clk 1:21:57]} Nc5
{[%clk 1:17:03]} 19. Nxb8 {[%clk 1:21:10]} Qxb8 {[%clk 1:17:09]} 20. Ba3
{[%clk 1:19:03]} Ba6 {[%clk 1:17:09]} 21. Qe3 {[%clk 1:18:37]} Rc8
{[%clk 1:16:09]} 22. Rd4 {[%clk 1:16:42]} 1-0

[Event "HSG Open 2018"]
[Site "Hilversum"]
[Date "2018.06.23"]
[Round "4.12"]
[White "Mesman, Edwyn"]
[Black "De Ruiter, Danny"]
[Result "0-1"]
[BlackElo "2303"]
[WhiteElo "2120"]
[LiveChessVersion "1.4.8"]

1. d4 {[%clk 1:50:17]} Nf6 {[%clk 1:49:38]} 2. c4 {[%clk 1:50:14]} g6
{[%clk 1:49:43]} 3. Nc3 {[%clk 1:50:16]} d5 {[%clk 1:49:48]} 4. Nf3
{[%clk 1:50:18]} Bg7 {[%clk 1:49:54]} 5. Qb3 {[%clk 1:50:21]} dxc4
{[%clk 1:49:57]} 6. Qxc4 {[%clk 1:50:25]} O-O {[%clk 1:49:57]} 7. e4
{[%clk 1:50:27]} Nc6 {[%clk 1:50:03]} 8. Be2 {[%clk 1:49:01]} Bg4
{[%clk 1:50:06]} 9. d5 {[%clk 1:48:58]} Bxf3 {[%clk 1:50:00]} 10. Bxf3
{[%clk 1:40:23]} Ne5 {[%clk 1:49:11]} 11. Qe2 {[%clk 1:39:41]} Nfd7
{[%clk 1:40:10]} 12. O-O {[%clk 1:37:06]} c6 {[%clk 1:32:07]} 13. Be3
{[%clk 1:32:22]} cxd5 {[%clk 1:31:47]} 14. exd5 {[%clk 1:25:47]} Nb6
{[%clk 1:23:21]} 15. Rfd1 {[%clk 1:24:28]} Nbc4 {[%clk 1:22:47]} 16. Bd4
{[%clk 1:15:41]} Nxf3+ {[%clk 1:20:18]} 17. Qxf3 {[%clk 1:13:20]} Nd6
{[%clk 1:15:31]} 18. Bxg7 {[%clk 1:05:00]} Kxg7 {[%clk 1:15:24]} 19. Re1
{[%clk 1:04:58]} Re8 {[%clk 1:14:39]} 20. Re2 {[%clk 0:55:53]} Qb6
{[%clk 1:13:08]} 21. Rae1 {[%clk 0:49:20]} Nf5 {[%clk 1:13:09]} 22. Qf4
{[%clk 0:47:18]} Qf6 {[%clk 1:06:51]} 23. Ne4 {[%clk 0:28:37]} Qb6
{[%clk 1:03:01]} 24. Qe5+ {[%clk 0:25:59]} f6 {[%clk 1:01:50]} 25. Qf4
{[%clk 0:23:32]} Rad8 {[%clk 0:59:46]} 26. Rd2 {[%clk 0:19:04]} Nd6
{[%clk 0:54:46]} 27. Nc3 {[%clk 0:17:01]} Nf7 {[%clk 0:54:33]} 28. Ne2
{[%clk 0:10:09]} e5 {[%clk 0:51:48]} 29. dxe6 {[%clk 0:08:54]} Qxe6
{[%clk 0:50:56]} 30. Rxd8 {[%clk 0:08:39]} Rxd8 {[%clk 0:51:00]} 31. Qc1
{[%clk 0:06:39]} Re8 {[%clk 0:50:12]} 32. b3 {[%clk 0:05:40]} Ne5
{[%clk 0:46:23]} 33. Nd4 {[%clk 0:05:41]} Qf7 {[%clk 0:43:17]} 34. Qc3
{[%clk 0:05:20]} Qd7 {[%clk 0:39:13]} 35. Nc2 {[%clk 0:04:18]} Rc8
{[%clk 0:38:15]} 36. Qb2 {[%clk 0:01:46]} Qd2 {[%clk 0:36:03]} 37. Rxe5
{[%clk 0:01:20]} Rxc2 {[%clk 0:36:02]} 38. Re7+ {[%clk 0:01:02]} Kh6
{[%clk 0:36:01]} 0-1

[Event "HSG Open 2018"]
[Site "Hilversum"]
[Date "2018.06.24"]
[Round "5.1"]
[White "Van Foreest, Jorden"]
[Black "Beerdsen, Thomas"]
[Result "1-0"]
[BlackElo "2454"]
[WhiteElo "2641"]
[LiveChessVersion "1.4.8"]

1. d4 {[%clk 1:50:16]} Nf6 {[%clk 1:42:58]} 2. c4 {[%clk 1:50:17]} e6
{[%clk 1:43:03]} 3. Nc3 {[%clk 1:50:19]} Bb4 {[%clk 1:43:08]} 4. Qc2
{[%clk 1:50:22]} O-O {[%clk 1:41:11]} 5. e4 {[%clk 1:50:22]} d5 {[%clk 1:41:00]}
6. e5 {[%clk 1:50:21]} Ne4 {[%clk 1:40:44]} 7. Bd3 {[%clk 1:50:23]} c5
{[%clk 1:40:24]} 8. Nge2 {[%clk 1:50:26]} Nc6 {[%clk 1:33:41]} 9. O-O
{[%clk 1:39:22]} cxd4 {[%clk 1:22:37]} 10. cxd5 {[%clk 1:26:25]} exd5
{[%clk 1:14:37]} 11. Nxd5 {[%clk 1:26:25]} Qxd5 {[%clk 1:12:55]} 12. Bxe4
{[%clk 1:26:13]} Qxe5 {[%clk 1:12:40]} 13. Bxh7+ {[%clk 1:25:33]} Kh8
{[%clk 1:12:45]} 14. Bf4 {[%clk 1:13:39]} Qf6 {[%clk 1:09:45]} 15. a3
{[%clk 1:13:11]} g6 {[%clk 1:06:38]} 16. axb4 {[%clk 1:10:07]} Kxh7
{[%clk 1:04:53]} 17. b5 {[%clk 1:08:32]} Ne7 {[%clk 0:47:40]} 18. Qc5
{[%clk 1:04:25]} b6 {[%clk 0:45:23]} 19. Qxd4 {[%clk 1:02:20]} Qxd4
{[%clk 0:45:26]} 20. Nxd4 {[%clk 1:02:24]} Nd5 {[%clk 0:44:57]} 21. Bg3
{[%clk 1:01:31]} Re8 {[%clk 0:42:04]} 22. Rfd1 {[%clk 0:59:20]} Bb7
{[%clk 0:41:18]} 23. Nc6 {[%clk 0:55:09]} Nf6 {[%clk 0:34:51]} 24. Rd6
{[%clk 0:51:06]} Re6 {[%clk 0:34:02]} 25. Rxe6 {[%clk 0:50:07]} fxe6
{[%clk 0:34:08]} 26. Rxa7 {[%clk 0:47:50]} Rxa7 {[%clk 0:34:05]} 27. Nxa7
{[%clk 0:47:56]} Be4 {[%clk 0:33:46]} 28. Be5 {[%clk 0:45:26]} Nd5
{[%clk 0:33:42]} 29. Nc6 {[%clk 0:45:10]} g5 {[%clk 0:33:13]} 30. f3
{[%clk 0:44:12]} Bd3 {[%clk 0:33:17]} 31. Nd8 {[%clk 0:41:20]} Kg6
{[%clk 0:32:56]} 32. g4 {[%clk 0:41:20]} Bxb5 {[%clk 0:32:46]} 33. Nxe6
{[%clk 0:41:25]} Nb4 {[%clk 0:31:31]} 34. Bd4 {[%clk 0:39:13]} Nd3
{[%clk 0:31:00]} 35. Kg2 {[%clk 0:34:17]} Bc6 {[%clk 0:30:46]} 36. Kg3
{[%clk 0:33:46]} Bd5 {[%clk 0:27:39]} 37. Nf8+ {[%clk 0:32:25]} Kh6
{[%clk 0:27:17]} 38. h4 {[%clk 0:31:47]} gxh4+ {[%clk 0:26:26]} 39. Kxh4
{[%clk 0:31:51]} Bxf3 {[%clk 0:26:33]} 40. g5# 1-0

[Event "HSG Open 2018"]
[Site "Hilversum"]
[Date "2018.06.24"]
[Round "5.2"]
[White "Zwirs, Nico"]
[Black "Guliyev, Namig"]
[Result "1/2-1/2"]
[BlackElo "2547"]
[WhiteElo "2377"]
[LiveChessVersion "1.4.8"]

1. e4 {[%clk 1:50:17]} c6 {[%clk 1:47:38]} 2. d4 {[%clk 1:49:32]} d5
{[%clk 1:47:39]} 3. exd5 {[%clk 1:49:17]} cxd5 {[%clk 1:47:39]} 4. c4
{[%clk 1:49:25]} Nf6 {[%clk 1:47:39]} 5. Nc3 {[%clk 1:46:46]} g6 {[%clk 1:43:26]}
6. Qb3 {[%clk 1:44:39]} Bg7 {[%clk 1:41:05]} 7. cxd5 {[%clk 1:44:43]} O-O
{[%clk 1:41:10]} 8. Nge2 {[%clk 1:39:56]} Nbd7 {[%clk 1:37:26]} 9. g3
{[%clk 1:39:53]} Nb6 {[%clk 1:36:03]} 10. Bg2 {[%clk 1:38:39]} Bf5
{[%clk 1:36:06]} 11. O-O {[%clk 1:31:34]} Qd7 {[%clk 1:32:11]} 12. Rd1
{[%clk 1:25:04]} Bh3 {[%clk 1:26:52]} 13. Bh1 {[%clk 1:22:38]} h6
{[%clk 1:25:04]} 14. a4 {[%clk 1:09:54]} Nc8 {[%clk 1:17:49]} 15. Nf4
{[%clk 0:56:54]} Bf5 {[%clk 1:13:56]} 16. Nd3 {[%clk 0:56:19]} Bxd3
{[%clk 1:13:58]} 17. Rxd3 {[%clk 0:56:22]} Nd6 {[%clk 1:14:04]} 18. Bf4
{[%clk 0:53:41]} Rfc8 {[%clk 1:12:23]} 19. Re1 {[%clk 0:47:48]} Nfe8
{[%clk 1:10:41]} 20. Ne4 {[%clk 0:44:34]} Nxe4 {[%clk 1:09:35]} 21. Bxe4
{[%clk 0:43:15]} Nd6 {[%clk 1:08:24]} 22. Bg2 {[%clk 0:40:40]} Rc7
{[%clk 1:06:31]} 23. Rde3 {[%clk 0:31:15]} Bf6 {[%clk 1:03:34]} 24. Bxh6
{[%clk 0:26:20]} Rc4 {[%clk 1:02:24]} 25. Bf4 {[%clk 0:24:09]} Qxa4
{[%clk 1:01:28]} 26. Bxd6 {[%clk 0:20:07]} Qxb3 {[%clk 1:00:45]} 27. Rxb3
{[%clk 0:20:16]} exd6 {[%clk 1:00:46]} 28. Rxb7 {[%clk 0:20:22]} Bxd4
{[%clk 1:00:35]} 29. Ree7 {[%clk 0:17:30]} Rc2 {[%clk 0:57:42]} 30. Rxf7
{[%clk 0:16:07]} Rf8 {[%clk 0:56:48]} 31. Rxf8+ {[%clk 0:13:57]} Kxf8
{[%clk 0:56:44]} 32. b4 {[%clk 0:06:45]} Rxf2 {[%clk 0:52:01]} 33. Kh1
{[%clk 0:06:47]} g5 {[%clk 0:51:09]} 34. Bh3 {[%clk 0:06:17]} Rb2
{[%clk 0:51:11]} 35. Be6 {[%clk 0:05:13]} Bb6 {[%clk 0:51:16]} 36. Rd7
{[%clk 0:03:09]} Rxb4 {[%clk 0:50:00]} 37. Rxd6 {[%clk 0:03:16]} g4
{[%clk 0:43:06]} 38. h3 {[%clk 0:03:23]} Rb1+ {[%clk 0:42:06]} 39. Kg2
{[%clk 0:03:10]} Rb2+ {[%clk 0:42:09]} 40. Kf1 {[%clk 0:02:54]} gxh3
{[%clk 0:41:58]} 41. Bxh3 {[%clk 0:03:02]} a5 {[%clk 0:42:00]} 42. Rf6+
{[%clk 0:02:26]} Kg7 {[%clk 0:41:56]} 43. Rf4 {[%clk 0:02:13]} Bc5
{[%clk 0:41:55]} 44. Bd7 {[%clk 0:01:42]} Kg6 {[%clk 0:41:42]} 45. Rc4
{[%clk 0:01:40]} Bb4 {[%clk 0:41:42]} 46. Re4 {[%clk 0:01:14]} Rd2
{[%clk 0:41:38]} 47. Bc6 {[%clk 0:01:01]} Kf5 {[%clk 0:41:26]} 48. Re2
{[%clk 0:01:00]} Rd3 {[%clk 0:40:54]} 49. Kg2 {[%clk 0:01:07]} Bd6
{[%clk 0:40:54]} 50. Ra2 {[%clk 0:00:56]} Rxg3+ {[%clk 0:40:42]} 51. Kf2
{[%clk 0:01:03]} Ra3 {[%clk 0:40:20]} 52. Rxa3 {[%clk 0:01:10]} Ke5 1/2-1/2